000
00323nam a22001457a 4500
008
230317b ||||| |||| 00| 0 eng d
020
_a
9780195215724
041
_a
eng
080
_2
SIX VOLUME
_a
7
082
_a
7CIM
100
_a
19
101
_a
ART
245
_a
ENCYCLOPEDIA OF ARTISTS
_c
GIORGIONE
942
_2
udc
_c
BK
999
_c
59375
_d
59375